000 02348nam0a2200457 4500
001 RU\NLR\bibl\477223
005 20260406120812.0
010 _a5-02-032785-9
_9500
021 _aRU
_b2003-64766
_93185
035 _a(NLR Aleph) 000470199
090 _a988788
_c988788
100 _a20040105d2003 |||y0rusy50 ca
101 0 _arus
_aeng
102 _aRU
105 _aa |||||||||
200 1 _aТри президента Академии наук Грузии
_dThree presidents of the Georgian academy of sciences
_eШтрихи к портр. Н. И. Мусхелишвили, И. Н. Векуа, Е. К. Харадзе
_fЛ. И. Мгалоблишвили
_zeng
210 _aМ.
_cНаука
_d2003
215 _a145, [2] с., [24] л. ил., портр.
_cпортр.
_d22
300 _aАвт. также на англ. яз.: L. I. Mgaloblishvili
300 _aВ вып. дан. авт.: Мгалоблишвили Л. И., д.т.н., проф.
300 _aЧасть текста на англ. яз.
320 _aБиблиогр. в конце гл.
510 1 _6z11790
_aThree presidents of the Georgian academy of sciences
_zeng
600 1 _aМусхелишвили
_bН. И.
_gНиколай Иванович
_2psbo
600 1 _aВекуа
_bИ. Н.
_gИлья Несторович
_2psbo
600 1 _aХарадзе
_bЕ. К.
_gЕвгений Кириллович
_2psbo
600 1 _aМусхелишвили
_bН.И.
_f1891 - 1976
_gНиколай Иванович
_91571865
_3RU\NLR\auth\66688844
600 1 _aВекуа
_bИ.Н.
_f1907 - 1977
_gИлья Несторович
_91311504
_3RU\NLR\auth\66227507
600 1 _aХарадзе
_bЕ.К.
_f1907 - 2001
_gЕвгений Кириллович
_92316528
_3RU\NLR\auth\661386084
601 0 2 _aАкадемия наук Грузии
_cТбилиси
_92316385
_3RU\NLR\auth\661386010
686 _aЧ214(2)712(2Г)
700 1 _aМгалоблишвили
_bЛ. И.
_gЛеван Иосифович
_4070
712 0 2 _4570
_aАкадемия наук Грузии
_cТбилиси
_3RU\NLR\AUTH\8813261
_9299547
790 1 _6z11510
_aMgaloblišvili
_bL. I.
_gLivan Iosifovič
_4070
801 0 _aRU
_bNLR
_c20040105
_gPSBO
801 1 _aRU
_bNLR
_c20040105
830 _aАвт. и перс. по кн.
942 _cBOOK
980 _aNB